MARC

LEADER 00000nam0a2200000 4500
001 320750
005 20231102003318.0
035 |a (RuTPU)RU\TPU\book\346281 
090 |a 320750 
100 |a 20160715d1937 km y0rusy50 ca 
101 0 |a rus 
102 |a RU 
105 |a a z 001zb 
200 1 |a Карло Росси  |f В. Панов 
210 |a Москва  |c Журнально-газетное объединение  |d 1937 
215 |a 152 с.  |c ил. 
225 1 |a Жизнь замечательных людей. Серия биографий  |v Вып. 5 (101) 
320 |a Библиогр.: с. 151 
600 1 |a Росси  |b К. И.  |c российский архитектор  |f 1777-1849  |g Карл Иванович  |2 stltpush  |3 (RuTPU)RU\TPU\pers\11962  |9 3070 
606 1 |a Архитекторы  |2 stltpush  |3 (RuTPU)RU\TPU\subj\29463  |9 52780 
610 1 |a архитектура 
610 1 |a Россия 
610 1 |a история 
610 1 |a 18 век 
610 1 |a 19 век 
610 1 |a архитектурные ансамбли 
610 1 |a ампир 
675 |a 72.071  |v 4 
700 1 |a Панов  |b В. 
801 1 |a RU  |b 63413507  |c 20160715 
801 2 |a RU  |b 63413507  |c 20200909  |g RCR 
942 |c BK